Statistics for U.S. States by Maximum Elevation

Click here to take the quiz!

General Stats

  • This quiz has been taken 19 times
  • The average score is 32 of 50

Answer Stats

#Mountain/VolcanoElevationState% Correct
1Denali20,310 ftAlaska
100%
2Mount Whitney14,505 ftCalifornia
100%
3Mount Elbert14,440 ftColorado
100%
6Mauna Kea13,803 ftHawaii
100%
4Mount Rainier14,411 ftWashington
100%
10Granite Peak12,807 ftMontana
94%
8Wheeler Peak13,167 ftNew Mexico
94%
13Mount Hood11,249 ftOregon
94%
14Guadalupe Peak8,751 ftTexas
94%
7Kings Peak13,534 ftUtah
94%
5Gannett Peak13,809 ftWyoming
94%
12Humphrey's Peak12,633 ftArizona
88%
9Boundary Peak13,147 ftNevada
88%
50Britton Hill345 ftFlorida
82%
11Borah Peak12,668 ftIdaho
82%
44Hoosier Hill1,257 ftIndiana
82%
18Mount Washington6,288 ftNew Hampshire
82%
42Hawkeye Point1,670 ftIowa
76%
17Clingmans Dome6,643 ftTennessee
76%
16Mount Mitchell6,684 ftNorth Carolina
71%
15Black Elk Peak7,244 ftSouth Dakota
71%
49Ebright Azimuth448 ftDelaware
65%
28Mount Sunflower4,041 ftKansas
65%
48Driskill Mountain535 ftLouisiana
65%
46Jerimoth Hill811 ftRhode Island
65%
19Mount Rogers5,729 ftVirginia
65%
22Mount Katahdin5,270 ftMaine
59%
21Mount Marcy5,343 ftNew York
59%
26Mount Mansfield4,395 ftVermont
59%
40High Point1,803 ftNew Jersey
53%
24Spruce Knob4,863 ftWest Virginia
53%
25Brasstown Bald4,784 ftGeorgia
47%
47Woodall Mountain807 ftMississippi
47%
41Taum Sauk Mountain1,772 ftMissouri
47%
36Mount Frissell2,379 ftConnecticut
41%
45Charles Mound1,235 ftIllinois
41%
27Black Mountain4,145 ftKentucky
41%
31Mount Greylock3,489 ftMassachusetts
41%
20Panorama Point5,427 ftNebraska
41%
43Campbell Hill1,549 ftOhio
41%
29Sassafras Mountain3,560 ftSouth Carolina
41%
34Mount Magazine2,753 ftArkansas
35%
23Black Mesa4,975 ftOklahoma
35%
33Mount Davis3,213 ftPennsylvania
35%
35Cheaha Mountain2,413 ftAlabama
29%
38Mount Arvon1,979 ftMichigan
29%
32Hoye-Crest3,360 ftMaryland
24%
37Eagle Mountain2,301 ftMinnesota
24%
30White Butte3,506 ftNorth Dakota
24%
39Timms Hill1,951 ftWisconsin
18%

Score Distribution

Percentile by Number Answered

Percent of People with Each Score

Your Score History

You have not taken this quiz